| 000 | 00775nac a22002171u 4500 | ||
|---|---|---|---|
| 010 | _a 2001016447 | ||
| 020 | _a0582322111 | ||
| 082 | 0 | 0 |
_a327 _bSTE |
| 090 |
_c5271 _d5271 |
||
| 100 | _aSteans, Jill. | ||
| 245 | 1 | 0 |
_aInternational relations : _bperspectives and themes / _cJill Steans and Lloyd Pettiford. |
| 260 |
_aNew York : _bLongman,c.2001. _cc.2001. |
||
| 300 | _ap. cm. | ||
| 500 | _aDistributer : Al Ahram. | ||
| 504 | _aIncludes bibliographical references and index. | ||
| 511 | _aCatalogued By :Mahitab. | ||
| 650 | 0 | _aInternational relations. | |
| 700 | 1 |
_aPettiford, Lloyd, _d1966- |
|
| 942 |
_cBB _k327STE |
||
| 999 |
_c5271 _d5271 |
||